[Event "2nd FIDE World Cup prel. group A"]
[Site "Hyderabad IND"]
[Date "2002.10.14"]
[Round "5"]
[White "Iuldachev, Saidali"]
[Black "Ye Jiangchuan"]
[Result "0-1"]
[WhiteElo "2511"]
[BlackElo "2667"]
[EventDate "2002.10.05"]
[PlyCount "70"]

1.e4 c5 2.Nf3 d6 3.c3 Nf6 4.Be2 Nbd7 5.Qc2 Qc7 6.O-O b6 7.c4 e5 8.Nc3 g6 
9.d3 Bg7 10.Nh4 a6 11.f4 h6 12.f5 g5 13.Nf3 g4 14.Nh4 h5 15.g3 Bb7 16.Rb1 
Bh6 17.a3 Bxc1 18.Rfxc1 Ke7 19.Qd2 Bc6 20.b4 b5 21.bxc5 dxc5 22.Ng2 Qd6 
23.Nd5+ Bxd5 24.exd5 Rab8 25.Qe3 Rb6 26.Rf1 Rhb8 27.Nf4 bxc4 28.Rxb6 Rxb6 
29.dxc4 e4 30.Ne6 Rb2 31.Qh6 Rxe2 32.Qh8 Qb8 33.Nd8 Qb2 34.d6+ Kxd6 35.
Rd1+ Kc7 0-1